| 000 | 00885nam a2200265Ia 4500 | ||
|---|---|---|---|
| 003 | OSt | ||
| 005 | 20220923214623.0 | ||
| 006 | a|||||r|||| 00| 0 | ||
| 007 | ta | ||
| 008 | 220922b |||||||| |||| 00| 0 hin d | ||
| 020 | _c11 | ||
| 024 | _a171,304 | ||
| 037 | _cTextual | ||
| 040 |
_aARTS _cARTS _bhin |
||
| 041 |
_2hin _ahin |
||
| 082 | _aO152,3N19,AP, L8 | ||
| 100 | _aचन्दर, प्रताप चन्द | ||
| 245 | 0 | _aओझा परेशा पात्र की ओझाई | |
| 246 | _aOzā pareshā pātra kī ozāī | ||
| 260 |
_aनई दिल्ली _b राधाकृष्ण प्रका0 _c1978 |
||
| 300 |
_a103पृ. _ccm. |
||
| 650 |
_aहिन्दी साहित्य _9156264 |
||
| 942 |
_hO152,3N19,AP, L8 _cTEXL _2CC |
||
| 999 |
_c325527 _d325527 |
||